Haikaishi Bashō /
Saved in:
| Main Author: | |
|---|---|
| Format: | Book |
| Language: | Japanese |
| Published: |
Tōkyō :
Gakubunsha,
1978.
|
| Subjects: | |
| Tags: |
Add Tag
No Tags, Be the first to tag this record!
|
| LEADER | 00869nam a2200265ui 4500 | ||
|---|---|---|---|
| 001 | 007732908-2 | ||
| 005 | 20024617115958.0 | ||
| 008 | 890712s1978 ja 000 0 jpn | ||
| 010 | |a 78809994 | ||
| 035 | 0 | |a ocm23318537 | |
| 040 | |a DLC |c MiU |d OCoLC |d *YNH* |d CStRLIN | ||
| 045 | |a u4u9 | ||
| 050 | 0 | 0 | |a PL794.4Z5 |b S54 |
| 050 | 4 | |a PL794.4Z5 |b S487 | |
| 100 | 1 | |6 880-01 |a Shimizu, Motoyoshi, |d 1918- | |
| 245 | 1 | 0 | |6 880-02 |a Haikaishi Bashō / |c Shimizu Motoyoshi. |
| 260 | |6 880-03 |a Tōkyō : |b Gakubunsha, |c 1978. | ||
| 300 | |a 240 p. | ||
| 600 | 1 | 0 | |6 880-04 |a Matsuo, Bashō, |d 1644-1694 |x Criticism and interpretation. |
| 880 | 1 | |6 100-01 |a 清水基吉, |d 1918- | |
| 880 | 1 | 0 | |6 245-02 |a 俳諧師芭蕉 / |c 清水基吉. |
| 880 | |6 260-03 |a 東京 : |b 学文社, |c 1978. | ||
| 880 | 1 | 0 | |6 600-04 |a 松尾芭蕉, |d 1644-1694 |x Criticism and interpretation. |
| 988 | |a 20021214 | ||
| 906 | |0 DLC | ||


